000 00466 a2200181 4500
005 20250426112559.0
008 250426b |||||||| |||| 00| 0 eng d
020 _a9781645322078
_cRs. 5495.00
040 _aMAIN
082 _a572
_bF534E
100 _aFIsher, James
245 _aEnvironmental biochemistry
260 _bAlexis Press
_c2023
_aNew York
300 _aviii, 296
650 _aBiochemistry
650 _aEnvironmental Biochemistry
942 _cBK
999 _c358460
_d358460